[Event "CHN-chT"]
[Site "Qingdao"]
[Date "2024.04.02"]
[Round "1.3"]
[White "Xu, Tianqi"]
[Black "Wang, Tongsen"]
[Result "0-1"]
[WhiteElo "1670"]
[BlackElo "2395"]
[PlyCount "90"]
[EventDate "2024.04.02"]
[EventType "team-swiss"]
[EventRounds "9"]
[EventCountry "CHN"]
[SourceTitle "CB16_2024"]
[SourceDate "2024.04.17"]
[SourceVersion "1"]
[SourceVersionDate "2024.04.17"]
[SourceQuality "1"]
[WhiteTeam "Henan"]
[BlackTeam "Qingdao"]
[WhiteTeamCountry "CHN"]
[BlackTeamCountry "CHN"]

1. Nf3 Nf6 2. d4 d5 3. c4 c6 4. Nc3 e6 5. Bg5 h6 6. Bxf6 Qxf6 7. e3 Nd7 8. Bd3 g6 9. 0-0 Bg7 10. cxd5 exd5 11. e4 dxe4 12. Nxe4 Qf4 13. Qc1 Qc7 14. Re1 0-0 15. Qc2 Nb6 16. Rac1 Nd5 17. Bc4 Be6 18. Nc5 Bf5 19. Qb3 Nb6 20. Bd3 Bxd3 21. Nxd3 Rad8 22. Nde5 Rd5 23. g3 Rfd8 24. Kg2 Nc8 25. Rc2 Qb6 26. Qe3 Nd6 27. g4 Re8 28. Qf4 g5 29. Qc1 Nb5 30. Nc4 Qd8 31. Ne3 Nxd4 32. Nxd5 Rxe1 33. Qxe1 Nxc2 34. Ne7+ Kf8 35. Qe4 Qxe7 36. Qxc2 Qe6 37. Qa4 b5 38. Qa3+ Qe7 39. Qa6 Qd7 40. Qa3+ Kg8 41. h3 Bf8 42. Qc3 Qd5 43. b3 c5 44. Qa5 Qb7 45. Qc3 Qe4 0-1

[Event "Wch U20 56th"]
[Site "Tarvisio"]
[Date "2017.11.17"]
[Round "5"]
[White "Gholami, Aryan"]
[Black "Wang, Tongsen"]
[Result "1-0"]
[WhiteElo "2483"]
[BlackElo "2396"]
[PlyCount "153"]
[EventDate "2017.11.13"]
[EventType "swiss"]
[EventRounds "11"]
[EventCountry "ITA"]
[SourceTitle "CBM 181 Extra"]
[Source "ChessBase"]
[SourceDate "2017.12.12"]
[SourceVersion "1"]
[SourceVersionDate "2017.12.12"]
[SourceQuality "1"]

1. Nf3 Nf6 2. g3 d5 3. Bg2 c5 4. 0-0 Nc6 5. d4 e6 6. b3 cxd4 7. Nxd4 Bc5 8. Nxc6 bxc6 9. Bb2 0-0 10. c4 Ba6 11. Qc2 Qe7 12. Nd2 Rac8 13. Rac1 Rfe8 14. Nf3 Nd7 15. Rfd1 f6 16. e3 Nb6 17. Nd4 e5 18. Nf5 Qf8 19. Qd2 Bb4 20. Bc3 Ba3 21. Bb2 Bb4 22. Qe2 g6 23. Qg4 Kh8 24. Nh4 Rcd8 25. cxd5 Bc8 26. Qxg6 hxg6 27. Nxg6+ Kg7 28. Nxf8 cxd5 29. Rc7+ Kxf8 30. Rxa7 Re7 31. Rxe7 Bxe7 32. f4 Bc5 33. Kf2 d4 34. exd4 exd4 35. Rc1 Be7 36. Rd1 d3 37. Be4 Ba6 38. Kf3 Kf7 39. Bc3 Nc8 40. g4 Bc5 41. g5 Be7 42. h4 Nd6 43. Bd5+ Kg6 44. h5+ Kxh5 45. gxf6 Bf8 46. Rh1+ Kg6 47. Rg1+ Kh6 48. f5 Nxf5 49. Bd2+ Kh7 50. Be4 Bc8 51. Rg5 Rd6 52. Bxf5+ Bxf5 53. Rxf5 Kg6 54. Ke4 Re6+ 55. Re5 Kxf6 56. Rxe6+ Kxe6 57. Kxd3 Kd5 58. Bc1 Bg7 59. b4 Bf8 60. a3 Bg7 61. a4 Bf8 62. b5 Bb4 63. Bd2 Bd6 64. Ba5 Kc5 65. Kc3 Be5+ 66. Kb3 Bd4 67. Bb4+ Kd5 68. a5 Be3 69. Ka4 Bf2 70. Bf8 Be3 71. Be7 Ke6 72. Bh4 Kd7 73. Bg3 Bc5 74. Kb3 Be3 75. Kc4 Bd2 76. a6 Be3 77. Kd5 1-0

[Event "Wch U20 56th"]
[Site "Tarvisio"]
[Date "2017.11.15"]
[Round "3"]
[White "Bezuidenhout, Roland Reinhold"]
[Black "Wang, Tongsen"]
[Result "0-1"]
[WhiteElo "2118"]
[BlackElo "2396"]
[PlyCount "68"]
[EventDate "2017.11.13"]
[EventType "swiss"]
[EventRounds "11"]
[EventCountry "ITA"]
[SourceTitle "CBM 181 Extra"]
[Source "ChessBase"]
[SourceDate "2017.12.12"]
[SourceVersion "1"]
[SourceVersionDate "2017.12.12"]
[SourceQuality "1"]

1. Nf3 d5 2. g3 Nf6 3. Bg2 c5 4. 0-0 Nc6 5. d4 e6 6. c4 dxc4 7. dxc5 Bxc5 8. Qa4 0-0 9. Qxc4 Qd5 10. Qh4 Be7 11. Nc3 Qa5 12. Bd2 h6 13. Qc4 e5 14. Ne4 Qc7 15. Bc3 Be6 16. Nxf6+ Bxf6 17. Qa4 Rac8 18. Rfd1 Qb8 19. Nd2 Be7 20. a3 Rfd8 21. Qb5 a6 22. Qb6 Nd4 23. Bxd4 Rxd4 24. Kf1 Bc5 25. Qa5 Qd6 26. Bxb7 Rd8 27. Kg2 Qb6 28. Qxb6 Bxb6 29. Bxa6 Rxd2 30. Rxd2 Rxd2 31. a4 Rxb2 32. a5 Ba7 33. Rd1 Kf8 34. Rd8+ Ke7 0-1

[Event "CHN-chT"]
[Site "China"]
[Date "2017.08.18"]
[Round "12.4"]
[White "Wang, Tongsen"]
[Black "Peng, Hongchi"]
[Result "1/2-1/2"]
[WhiteElo "2407"]
[BlackElo "2141"]
[PlyCount "100"]
[EventDate "2017.04.18"]
[EventType "team-tourn"]
[EventRounds "22"]
[EventCountry "CHN"]
[SourceTitle "EXT 2018"]
[Source "ChessBase"]
[SourceDate "2017.10.13"]
[SourceVersion "1"]
[SourceVersionDate "2017.10.13"]
[SourceQuality "1"]
[WhiteTeam "Qingdao"]
[BlackTeam "Hebei"]
[WhiteTeamCountry "CHN"]
[BlackTeamCountry "CHN"]

1. e4 c5 2. Nf3 d6 3. d4 Nf6 4. Nc3 cxd4 5. Nxd4 a6 6. Bg5 e6 7. f4 h6 8. Bh4 Be7 9. Qf3 Nbd7 10. 0-0-0 Qc7 11. Qg3 b5 12. Bxf6 Nxf6 13. e5 dxe5 14. fxe5 Nd7 15. Bxb5 axb5 16. Ndxb5 Qc5 17. Qxg7 Rf8 18. Rhe1 Ra6 19. Kb1 Bb7 20. Qxh6 Rb6 21. Qd2 Bc6 22. a4 Rg8 23. g3 Rg4 24. b3 Rb7 25. Qe2 Bxb5 26. Nxb5 Rxa4 27. bxa4 Qb4+ 28. Kc1 Bg5+ 29. Rd2 Qxa4 30. c4 Nc5 31. Nd6+ Kf8 32. Nxb7 Qa1+ 33. Kc2 Qa2+ 34. Kc3 Qa3+ 35. Kd4 Nb3+ 36. Ke4 Nxd2+ 37. Kd4 Qb2+ 38. Kc5 Qxb7 39. Kd4 Nf3+ 40. Kd3 Qb3+ 41. Ke4 Nxe1 42. Qxe1 Qxc4+ 43. Kf3 Qd3+ 44. Kg2 Qd2+ 45. Qxd2 Bxd2 46. Kf3 Kg7 47. h4 Kg6 48. g4 Be1 49. h5+ Kg5 50. Ke4 Bc3 1/2-1/2

[Event "CHN-chT"]
[Site "China"]
[Date "2017.04.21"]
[Round "4.2"]
[White "Wang, Tongsen"]
[Black "Xu, Minghui"]
[Result "1-0"]
[WhiteElo "2385"]
[BlackElo "2283"]
[PlyCount "97"]
[EventDate "2017.04.18"]
[EventType "team-tourn"]
[EventRounds "22"]
[EventCountry "CHN"]
[SourceTitle "CBM 177 Extra"]
[Source "ChessBase"]
[SourceDate "2017.04.27"]
[SourceVersion "1"]
[SourceVersionDate "2017.04.27"]
[SourceQuality "1"]
[WhiteTeam "Qingdao"]
[BlackTeam "Zhejiang"]
[WhiteTeamCountry "CHN"]
[BlackTeamCountry "CHN"]

1. e4 e5 2. Nc3 Nf6 3. g3 d5 4. exd5 Nxd5 5. Bg2 Nf6 6. Nf3 Nc6 7. 0-0 Bc5 8. a3 a5 9. d3 h6 10. Be3 Bxe3 11. fxe3 0-0 12. Nd2 Bg4 13. Qe1 Be6 14. Nde4 Nxe4 15. Nxe4 Bd5 16. c4 Bxe4 17. Bxe4 a4 18. Qc3 Qd6 19. Bd5 Rad8 20. Rad1 Qc5 21. d4 exd4 22. exd4 Qd6 23. Qc2 Ne7 24. Bxb7 c6 25. c5 Qb8 26. Ba6 Nd5 27. Rd3 Rfe8 28. Qf2 Re7 29. Rf3 f6 30. Bc4 Qc8 31. Qc2 Kh8 32. Qg6 Qe6 33. Bd3 Kg8 34. Bc2 Rb7 35. Qh7+ Kf8 36. Qh8+ Qg8 37. Qxg8+ Kxg8 38. Bxa4 Rxb2 39. Bxc6 Ne7 40. Be4 Rxd4 41. Rf4 Kh8 42. Bg2 Rd3 43. Re1 Ng6 44. Rb4 Rbd2 45. Be4 Ne5 46. c6 f5 47. Rb8+ Kh7 48. Bxf5+ g6 49. Rb7+ 1-0

[Event "CHN-chT"]
[Site "China"]
[Date "2017.04.19"]
[Round "2.3"]
[White "Wang, Tongsen"]
[Black "Zhao, Jun"]
[Result "0-1"]
[WhiteElo "2385"]
[BlackElo "2616"]
[PlyCount "78"]
[EventDate "2017.04.18"]
[EventType "team-tourn"]
[EventRounds "22"]
[EventCountry "CHN"]
[SourceTitle "CBM 177 Extra"]
[Source "ChessBase"]
[SourceDate "2017.04.27"]
[SourceVersion "1"]
[SourceVersionDate "2017.04.27"]
[SourceQuality "1"]
[WhiteTeam "Qingdao"]
[BlackTeam "Shandong"]
[WhiteTeamCountry "CHN"]
[BlackTeamCountry "CHN"]

1. e4 c5 2. Nf3 Nc6 3. d4 cxd4 4. Nxd4 Qb6 5. Nb3 Nf6 6. Nc3 e6 7. Be3 Qc7 8. a3 d6 9. f4 Be7 10. Qf3 a6 11. g4 b5 12. g5 Nd7 13. h4 Bb7 14. h5 b4 15. axb4 Nxb4 16. 0-0-0 Rc8 17. Bd3 d5 18. Kb1 Nxd3 19. cxd3 dxe4 20. dxe4 0-0 21. g6 Nf6 22. Rc1 Qb8 23. Bd4 Rxc3 24. Qxc3 Bxe4+ 25. Ka1 Qb5 26. Nc5 Bxh1 27. Rxh1 Rc8 28. Rc1 Ne4 29. gxh7+ Kh8 30. Bxg7+ Kxh7 31. Qc2 Rxc5 32. Qxe4+ f5 33. Rxc5 fxe4 34. Rxb5 axb5 35. Bd4 Kh6 36. Kb1 Kxh5 37. Kc2 Kg4 38. Kd1 Kf3 39. Bc3 Bh4 0-1

[Event "CHN-chT"]
[Site "China"]
[Date "2017.04.18"]
[Round "1.4"]
[White "Peng, Xiongjian"]
[Black "Wang, Tongsen"]
[Result "0-1"]
[WhiteElo "2423"]
[BlackElo "2385"]
[PlyCount "132"]
[EventDate "2017.04.18"]
[EventType "team-tourn"]
[EventRounds "22"]
[EventCountry "CHN"]
[SourceTitle "CBM 177 Extra"]
[Source "ChessBase"]
[SourceDate "2017.04.27"]
[SourceVersion "1"]
[SourceVersionDate "2017.04.27"]
[SourceQuality "1"]
[WhiteTeam "Hebei"]
[BlackTeam "Qingdao"]
[WhiteTeamCountry "CHN"]
[BlackTeamCountry "CHN"]

1. c4 c6 2. Nf3 d5 3. e3 Nf6 4. b3 Bf5 5. Bb2 e6 6. Be2 h6 7. 0-0 Nbd7 8. d4 Bd6 9. Nc3 0-0 10. Bd3 Bxd3 11. Qxd3 Qe7 12. Rad1 Rad8 13. e4 dxc4 14. bxc4 e5 15. d5 Bb4 16. Qc2 Rc8 17. dxc6 bxc6 18. Na4 Rfe8 19. Rb1 Rb8 20. Rfd1 Qe6 21. h3 Bf8 22. Ba1 Nh5 23. Nb2 Nc5 24. Nd3 Nxd3 25. Qxd3 Nf4 26. Qe3 Rxb1 27. Rxb1 Qxc4 28. Nxe5 Qxa2 29. Rf1 Ne2+ 30. Kh1 c5 31. Re1 Nd4 32. Bxd4 cxd4 33. Qxd4 Qa5 34. Nf3 Bc5 35. Qb2 Bb6 36. Kg1 Qc5 37. Nh4 Bc7 38. Nf3 a5 39. Rc1 Qa7 40. Nd4 Rb8 41. Qc2 Qxd4 42. Qxc7 Ra8 43. Qb7 Rd8 44. Rc8 g6 45. Rxd8+ Qxd8 46. Qb5 Qd1+ 47. Kh2 a4 48. Qe8+ Kg7 49. Qe5+ Kh7 50. Qe7 Qb3 51. e5 Qe6 52. Qc5 Kg8 53. f4 Qa6 54. Qe7 Qc4 55. Kg3 Qe6 56. Qa7 Qb3+ 57. Kh2 Qb4 58. Kg3 a3 59. Qa8+ Kg7 60. Qd5 Qc3+ 61. Kh2 Qe3 62. Qc4 Qa7 63. f5 a2 64. f6+ Kh7 65. e6 a1Q 66. e7 Qe5+ 0-1

[Event "Harbin U20 op"]
[Site "Harbin"]
[Date "2017.01.18"]
[Round "1"]
[White "Wang, Tongsen"]
[Black "Chi, Haoyuan"]
[Result "1-0"]
[WhiteElo "2362"]
[BlackElo "1504"]
[PlyCount "100"]
[EventDate "2017.01.18"]
[EventType "swiss"]
[EventRounds "9"]
[EventCountry "CHN"]
[SourceTitle "EXT 2018"]
[Source "ChessBase"]
[SourceDate "2017.10.13"]
[SourceVersion "1"]
[SourceVersionDate "2017.10.13"]
[SourceQuality "1"]

1. e4 e6 2. d4 d5 3. Nd2 Nf6 4. e5 Nfd7 5. f4 c5 6. c3 Nc6 7. Ndf3 Qb6 8. g3 cxd4 9. cxd4 Bb4+ 10. Kf2 Qd8 11. Bh3 Nb6 12. Ne2 Bd7 13. Qd3 g6 14. g4 h5 15. gxh5 Rxh5 16. Bg4 Rh8 17. h4 Qc7 18. h5 gxh5 19. Rxh5 0-0-0 20. Ng5 Rhf8 21. Rh7 Rde8 22. Nxf7 Re7 23. Ng5 Rxh7 24. Qxh7 Re8 25. a3 Bf8 26. Bh5 Rd8 27. Bf7 Be7 28. Nxe6 Bxe6 29. Bxe6+ Kb8 30. Qh3 Rf8 31. Bd2 Qd8 32. Rh1 Nc4 33. Bc3 Qb6 34. Kg2 Rd8 35. f5 Bf8 36. Qf3 Qb5 37. Nf4 Nb6 38. Rh8 Qc4 39. Qd3 Qxd3 40. Nxd3 Be7 41. Rxd8+ Nxd8 42. Bg8 Nc6 43. f6 Bf8 44. Nf4 Kc8 45. Nxd5 Nxd5 46. Bxd5 Kd7 47. e6+ Kd8 48. Bxc6 bxc6 49. Bb4 Bxb4 50. axb4 Ke8 1-0

[Event "CHN-chT"]
[Site "China"]
[Date "2016.09.23"]
[Round "12.3"]
[White "Wang, Tongsen"]
[Black "Lin, Yi1111"]
[Result "1/2-1/2"]
[WhiteElo "2296"]
[BlackElo "2276"]
[PlyCount "55"]
[EventDate "2016.04.12"]
[EventType "team-tourn"]
[EventRounds "22"]
[EventCountry "CHN"]
[SourceTitle "EXT 2017"]
[Source "ChessBase"]
[SourceDate "2016.10.25"]
[SourceVersion "1"]
[SourceVersionDate "2016.10.25"]
[SourceQuality "1"]
[WhiteTeam "Qingdao"]
[BlackTeam "Shenzhen"]
[WhiteTeamCountry "CHN"]
[BlackTeamCountry "CHN"]

1. e4 e5 2. Nf3 Nf6 3. Nxe5 d6 4. Nf3 Nxe4 5. d4 d5 6. Bd3 Be7 7. 0-0 Nc6 8. c4 Nb4 9. Be2 Bf5 10. a3 Nc6 11. Nc3 Nxc3 12. bxc3 0-0 13. cxd5 Qxd5 14. Bf4 Rac8 15. Re1 Rfe8 16. c4 Qe4 17. Bg3 Bf6 18. Bf1 Qc2 19. Rxe8+ Rxe8 20. Bxc7 Qb2 21. Be5 Nxe5 22. dxe5 Bxe5 23. Nxe5 Qxe5 24. Qa4 Bc2 25. Qd7 Bf5 26. Qa4 Bc2 27. Qd7 Bf5 28. Qa4 1/2-1/2

[Event "CHN Team"]
[Site "Wuxi"]
[Date "2016.08.02"]
[Round "7.6"]
[White "Wang, Tongsen"]
[Black "Yang, Yuhang"]
[Result "1-0"]
[WhiteElo "2309"]
[BlackElo "1834"]
[PlyCount "87"]
[EventDate "2016.07.28"]
[EventType "team-swiss"]
[EventRounds "9"]
[EventCountry "CHN"]
[SourceTitle "CBM 173 Extra"]
[Source "ChessBase"]
[SourceDate "2016.08.29"]
[SourceVersion "1"]
[SourceVersionDate "2016.08.29"]
[SourceQuality "1"]
[WhiteTeam "Qingdao"]
[BlackTeam "Shenzhen Qiyuan"]
[WhiteTeamCountry "CHN"]
[BlackTeamCountry "CHN"]

1. e4 c5 2. Nf3 d6 3. d4 cxd4 4. Nxd4 Nf6 5. Nc3 g6 6. Be3 Bg7 7. f3 Nc6 8. Qd2 0-0 9. 0-0-0 d5 10. Kb1 e5 11. Nxc6 bxc6 12. exd5 cxd5 13. Nxd5 Nxd5 14. Qxd5 Qc7 15. Bd3 Rb8 16. Qc5 Qb7 17. b3 Bf5 18. Bxf5 gxf5 19. Qxa7 Qc6 20. Qc5 Qb7 21. Rd6 f4 22. Rb6 Qd7 23. Rxb8 Rxb8 24. Bc1 Rc8 25. Qf2 Qd5 26. Bb2 Rd8 27. Re1 Qa5 28. Qf1 Qd5 29. Qe2 Bf6 30. Kc1 Qa5 31. a4 Rc8 32. Rd1 Kg7 33. Qe4 Qc5 34. Kb1 Qc7 35. g3 fxg3 36. hxg3 Re8 37. Rh1 h6 38. Qg4+ Kh7 39. Bc1 Bg7 40. Qf5+ Kg8 41. Bxh6 f6 42. Bxg7 Qxg7 43. Rh4 Kf8 44. Rh7 1-0

[Event "CHN-chT"]
[Site "China"]
[Date "2016.07.23"]
[Round "8.1"]
[White "Li, Shilong"]
[Black "Wang, Tongsen"]
[Result "1/2-1/2"]
[WhiteElo "2514"]
[BlackElo "2296"]
[PlyCount "78"]
[EventDate "2016.04.12"]
[EventType "team-tourn"]
[EventRounds "22"]
[EventCountry "CHN"]
[SourceTitle "EXT 2017"]
[Source "ChessBase"]
[SourceDate "2016.10.25"]
[SourceVersion "1"]
[SourceVersionDate "2016.10.25"]
[SourceQuality "1"]
[WhiteTeam "Guangdong"]
[BlackTeam "Qingdao"]
[WhiteTeamCountry "CHN"]
[BlackTeamCountry "CHN"]

1. d4 d5 2. c4 c6 3. Nf3 Nf6 4. Nc3 e6 5. g3 dxc4 6. Ne5 b5 7. Bg2 Nd5 8. 0-0 Bb7 9. a4 a6 10. e4 Nf6 11. d5 cxd5 12. exd5 Nxd5 13. axb5 axb5 14. Rxa8 Bxa8 15. Qh5 g6 16. Nxg6 fxg6 17. Qe5 Nxc3 18. Bxa8 Ne2+ 19. Qxe2 Kf7 20. Re1 Qf6 21. Bd2 Bd6 22. Bc3 e5 23. Bd5+ Kg7 24. f4 b4 25. Bxe5 Bxe5 26. fxe5 Qb6+ 27. Kg2 c3 28. Rf1 Qd4 29. Rd1 Qc5 30. bxc3 bxc3 31. e6 Nc6 32. Kh3 c2 33. Bxc6 Qf5+ 34. Kg2 cxd1Q 35. Qxd1 Qxe6 36. Qd4+ Qf6 37. Qd7+ Kh6 38. Qh3+ Kg7 39. Qd7+ Kh6 1/2-1/2

[Event "CHN-chB"]
[Site "Zhongshan"]
[Date "2015.07.18"]
[Round "3"]
[White "Liu, Guanchu"]
[Black "Wang, Tongsen"]
[Result "1-0"]
[WhiteElo "2386"]
[BlackElo "2185"]
[PlyCount "99"]
[EventDate "2015.07.17"]
[EventType "swiss"]
[EventRounds "11"]
[EventCountry "CHN"]
[SourceTitle "CBM 167 Extra"]
[Source "ChessBase"]
[SourceDate "2015.09.14"]
[SourceVersion "1"]
[SourceVersionDate "2015.09.14"]
[SourceQuality "1"]

1. e4 c5 2. Nf3 e6 3. c3 Nf6 4. e5 Nd5 5. d4 cxd4 6. cxd4 d6 7. Bc4 Nc6 8. 0-0 Be7 9. Bd2 Nb6 10. Bb3 0-0 11. Nc3 dxe5 12. dxe5 Na5 13. Bc2 Nac4 14. Qe2 Nxd2 15. Nxd2 Qd4 16. Rad1 Bd7 17. Nf3 Qc5 18. Rxd7 Nxd7 19. Qd3 g6 20. Qxd7 Rfd8 21. Qa4 Rac8 22. Bb3 a5 23. h4 Qb4 24. Qxb4 Bxb4 25. Nb5 Bf8 26. Re1 Rc5 27. Nbd4 Bg7 28. a4 Ra8 29. g3 Bh6 30. Kg2 Rc1 31. Re2 Kf8 32. Nb5 Ke7 33. Nd6 b6 34. Bc4 Rd8 35. b3 Rd7 36. Re4 Rc7 37. h5 g5 38. g4 Rd1 39. Re2 Rc5 40. Ne4 Rc8 41. Nf6 Rh8 42. Rc2 Rdd8 43. Bb5 Rc8 44. Rd2 Rcd8 45. Nd4 Rc8 46. Nc6+ Kf8 47. Rd7 Kg7 48. Ne4 Rhf8 49. Nd6 Ra8 50. Nc4 1-0